|
|
แสดงรายละเอียดบรรณานุกรม |
|
|
Brief Record
: Get Marc (ISO 2709)
: E-mail record
: |
|
|
| LEADER 00000nama 2200000uu 4500 | |||
| 008 040531s|||| th m m a000 0 tha d | |||
| 020 974-472-301-7 | |||
| 041 tha | |||
| 050 PL3275.T5 ห363 2543 | |||
| 100 หวาง,เหมิง. | |||
| 245 ผีเสื้อ [พระราชนิพนธ์ในสมเด็จพระเทพรัตนราชสุดาสยามบรมราชกุมารี ; หวางเหมิง]. | |||
| 250 พิมพ์ครั้งที่ 7. | |||
| 260 2543. นานมีบุ๊ค. กรุงเทพฯ. | |||
| 300 236หน้า. | |||
| 600 เทพรัตนราชสุดาฯสยามบรมราชกุมารี,สมเด็จพระ,ผู้แปล. | |||
| 650 วรรณกรรมจีน. | |||
| 995 001 | |||
| คุณยังไม่ได้ล็อกอิน คุณสามารถมีกิจกรรมร่วมกับเว็บไซต์ได้ แต่ต้องล็อกอินก่อน :: |
|
| สถานะ | |||||||||
| 1. | หนังสือทั่วไป | PL3275.T5 ห363 2543 | On Shelf ขอยืม | ||||||
| 2. | หนังสือทั่วไป | PL3275.T5 ห363 2543 | On Shelf ขอยืม | ||||||
| 3. | หนังสือทั่วไป | PL3275.T5 ห363 2543 | On Shelf ขอยืม | ||||||
| [แสดง 3/3 รายการ] | |||||||||
| รายการใกล้เคียง หัวเรื่อง [วรรณกรรมจีน.] |
BibComment |
| คอมเมนท์ทรัพยากรรายการนี้ |
|
|